[Event "Kuala Lumpur op 10th"]
[Site "Kuala Lumpur"]
[Date "2013.08.14"]
[Round "6"]
[White "Nihal, Manjunath"]
[Black "Abelgas, Roel"]
[Result "1-0"]
[WhiteElo "2026"]
[BlackElo "2313"]
[PlyCount "70"]
[EventDate "2013.08.10"]
[EventType "swiss"]
[EventRounds "9"]
[EventCountry "MAS"]
[SourceTitle "CBM 156 Extra"]
[Source "ChessBase"]
[SourceDate "2013.10.22"]
[SourceVersion "1"]
[SourceVersionDate "2013.10.22"]
[SourceQuality "1"]

1. d4 Nf6 2. Nf3 c5 3. dxc5 Na6 4. g3 Nxc5 5. Bg2 g6 6. 0-0 Bg7 7. Be3 Nce4 8. c4 0-0 9. Nbd2 Nd6 10. Bc5 Qc7 11. Ba3 b6 12. Nd4 Rb8 13. e4 Nfe8 14. N4b3 Ba6 15. Rc1 Qd8 16. Re1 Nb7 17. Nf1 Rc8 18. Ne3 d6 19. Nd4 Nc5 20. b4 Nd7 21. e5 d5 22. e6 Ndf6 23. exf7+ Rxf7 24. Ne6 Qd7 25. cxd5 Rxc1 26. Qxc1 Bh6 27. f4 Bb7 28. Qc4 Qa4 29. Qb3 Qd7 30. Rc1 Ba6 31. Bb2 Bb5 32. Qc3 Nd6 33. Qc7 Nfe8 34. Ng4 Bf8 35. Qc3 Bg7 1-0

[Event "IND-ch U15"]
[Site "New Delhi"]
[Date "2010.09.07"]
[Round "5"]
[White "Sahoo, Utkal Ranjan"]
[Black "Nihal, Manjunath"]
[Result "1/2-1/2"]
[WhiteElo "2213"]
[BlackElo "1991"]
[PlyCount "73"]
[EventDate "2010.09.04"]
[EventType "swiss"]
[EventRounds "11"]
[EventCountry "IND"]
[SourceTitle "CBM 138 Extra"]
[Source "ChessBase"]
[SourceDate "2010.10.29"]
[SourceVersion "1"]
[SourceVersionDate "2010.10.29"]
[SourceQuality "1"]

1. e4 e5 2. Nf3 Nc6 3. Bb5 Nf6 4. d3 Bc5 5. Bg5 Nd4 6. Nxd4 Bxd4 7. c3 Bb6 8. Nd2 c6 9. Ba4 d5 10. Qf3 d4 11. Qg3 Bc7 12. Bb3 h6 13. Bxf6 gxf6 14. Qg7 Rf8 15. c4 Ke7 16. c5 Be6 17. Bxe6 Kxe6 18. Qxh6 Ba5 19. Qh3+ Ke7 20. a3 Bxd2+ 21. Kxd2 b6 22. Rac1 b5 23. b4 a5 24. Ra1 Ra7 25. Qf3 Qa8 26. Qd1 axb4 27. axb4 Ra2+ 28. Rxa2 Qxa2+ 29. Qc2 Ra8 30. Rb1 Qe6 31. h3 f5 32. exf5 Qxf5 33. Ke2 Ra3 34. Rb3 Ra1 35. Rb1 Ra3 36. Rb3 Ra1 37. Rb1 1/2-1/2

[Event "IND-ch U15"]
[Site "New Delhi"]
[Date "2010.09.06"]
[Round "4"]
[White "Nihal, Manjunath"]
[Black "Ghosh, Diptayan"]
[Result "1/2-1/2"]
[WhiteElo "1991"]
[BlackElo "2193"]
[PlyCount "91"]
[EventDate "2010.09.04"]
[EventType "swiss"]
[EventRounds "11"]
[EventCountry "IND"]
[SourceTitle "CBM 138 Extra"]
[Source "ChessBase"]
[SourceDate "2010.10.29"]
[SourceVersion "1"]
[SourceVersionDate "2010.10.29"]
[SourceQuality "1"]

1. e4 d5 2. exd5 Qxd5 3. Nc3 Qa5 4. d4 Nf6 5. Nf3 c6 6. Bc4 Bf5 7. Ne5 e6 8. g4 Bg6 9. h4 Nbd7 10. Nxd7 Nxd7 11. h5 Be4 12. Rh3 Bd5 13. Bxd5 cxd5 14. Bd2 Bb4 15. a3 Bxc3 16. Bxc3 Qc7 17. Qd3 Nf6 18. f3 h6 19. 0-0-0 0-0-0 20. Be1 Qc4 21. Bg3 Qxd3 22. Rxd3 Kd7 23. Rb3 b6 24. a4 Rc8 25. a5 Kc6 26. axb6 axb6 27. Kd2 Nd7 28. Rh1 Kb7 29. Ra1 Ra8 30. Rba3 Rxa3 31. Rxa3 Rc8 32. Rc3 Rxc3 33. Kxc3 Kc6 34. Kd3 b5 35. b3 Nf6 36. Be5 Ne8 37. Bg3 Nf6 38. Ke3 Ng8 39. Bh2 g6 40. Be5 gxh5 41. gxh5 f6 42. Bf4 Ne7 43. Kd3 Nf5 44. Kc3 Ng7 45. Bxh6 Nxh5 46. Kd3 1/2-1/2

[Event "Wch U14"]
[Site "Kemer"]
[Date "2009.11.22"]
[Round "11"]
[White "Nihal, Manjunath"]
[Black "Boztuna, Mehmet"]
[Result "1-0"]
[WhiteElo "1988"]
[BlackElo "1785"]
[PlyCount "68"]
[EventDate "2009.11.12"]
[EventType "swiss"]
[EventRounds "11"]
[EventCountry "TUR"]
[SourceTitle "EXT 2010"]
[Source "ChessBase"]
[SourceDate "2010.11.25"]
[SourceVersion "1"]
[SourceVersionDate "2010.11.25"]
[SourceQuality "1"]

1. d4 d5 2. c4 e6 3. Nc3 f5 4. Nf3 c6 5. g3 Nf6 6. Bg2 Be7 7. 0-0 0-0 8. b3 Bd7 9. Ne5 Be8 10. Bb2 Nbd7 11. Rc1 Bh5 12. cxd5 exd5 13. Nd3 Bd6 14. b4 a6 15. a4 Ne4 16. b5 Rc8 17. bxa6 bxa6 18. f3 Nxg3 19. hxg3 Bxg3 20. Nf2 Qh4 21. Nh3 g5 22. Qd2 f4 23. Nd1 g4 24. fxg4 Bxg4 25. Ndf2 Nf6 26. Nxg4 Nxg4 27. Qd3 Rc7 28. Ba3 Re8 29. Qxa6 Ne3 30. Rxc6 Rg7 31. Rc8 Qh5 32. Qe6+ Kh8 33. Rxe8+ Qxe8 34. Qxe8+ Rg8 1-0

[Event "Wch U14"]
[Site "Kemer"]
[Date "2009.11.13"]
[Round "2"]
[White "Lukovic, Vladimir"]
[Black "Nihal, Manjunath"]
[Result "1/2-1/2"]
[WhiteElo "2122"]
[BlackElo "1988"]
[PlyCount "35"]
[EventDate "2009.11.12"]
[EventType "swiss"]
[EventRounds "11"]
[EventCountry "TUR"]
[SourceTitle "EXT 2010"]
[Source "ChessBase"]
[SourceDate "2010.11.25"]
[SourceVersion "1"]
[SourceVersionDate "2010.11.25"]
[SourceQuality "1"]

1. e4 c5 2. Nf3 a6 3. c4 Nc6 4. d4 cxd4 5. Nxd4 e6 6. Nxc6 bxc6 7. Bd3 Nf6 8. 0-0 d6 9. Nc3 Be7 10. Be3 e5 11. h3 Be6 12. Qa4 Qd7 13. Rfd1 0-0 14. Rf1 Qb7 15. Bg5 Qxb2 16. Rab1 Qxc3 17. Rbc1 Qb2 18. Rb1 1/2-1/2

[Event "Wch U14"]
[Site "Kemer"]
[Date "2009.11.13"]
[Round "3"]
[White "Nihal, Manjunath"]
[Black "Andersen, Mads"]
[Result "0-1"]
[WhiteElo "1988"]
[BlackElo "2294"]
[PlyCount "50"]
[EventDate "2009.11.12"]
[EventType "swiss"]
[EventRounds "11"]
[EventCountry "TUR"]
[SourceTitle "EXT 2010"]
[Source "ChessBase"]
[SourceDate "2010.11.25"]
[SourceVersion "1"]
[SourceVersionDate "2010.11.25"]
[SourceQuality "1"]

1. d4 Nf6 2. c4 g6 3. Nc3 d5 4. f3 c5 5. dxc5 d4 6. Nb5 Nc6 7. e3 e5 8. exd4 Nxd4 9. b4 a5 10. Bg5 Be7 11. Ne2 Nxb5 12. Qxd8+ Kxd8 13. cxb5 axb4 14. Rd1+ Kc7 15. Nc1 Be6 16. Nd3 Rhd8 17. Nxb4 Rxd1+ 18. Kxd1 Bxc5 19. Bxf6 Bxb4 20. Bxe5+ Kb6 21. Bd4+ Bc5 22. Bb2 Rxa2 23. Kc1 Bf5 24. g4 Be3+ 25. Kd1 Be6 0-1

[Event "Commonwealth-ch"]
[Site "Nagpur"]
[Date "2008.10.01"]
[Round "5"]
[White "Thejkumar, MS."]
[Black "Nihal, Manjunath"]
[Result "1-0"]
[WhiteElo "2441"]
[BlackElo "1946"]
[PlyCount "103"]
[EventDate "2008.09.28"]
[EventType "swiss"]
[EventRounds "11"]
[EventCountry "IND"]
[SourceTitle "CBM 126 Extra"]
[Source "ChessBase"]
[SourceDate "2008.11.05"]
[SourceVersion "1"]
[SourceVersionDate "2008.11.05"]
[SourceQuality "1"]

1. d4 Nf6 2. Nf3 g6 3. c4 Bg7 4. Nc3 0-0 5. Bg5 d6 6. e3 c5 7. d5 Na6 8. Be2 Bd7 9. 0-0 Nc7 10. a4 b6 11. e4 h6 12. Bf4 Qc8 13. Ne1 Na6 14. Qd2 Kh7 15. Nd3 Nb4 16. e5 Nxd3 17. Qxd3 dxe5 18. Bxe5 Nxd5 19. Bxg7 Nf4 20. Qe3 Nxe2+ 21. Qxe2 Kxg7 22. Qe5+ Kh7 23. Qxe7 Qd8 24. Qe5 Qg5 25. Qxg5 hxg5 26. Ne4 Kh6 27. a5 Be6 28. b3 Rfd8 29. Rfd1 Bf5 30. Nd6 Kg7 31. Rd2 Kf8 32. f3 Be6 33. a6 Ke7 34. Rad1 Rd7 35. Nb5 f6 36. Kf2 g4 37. f4 Rxd2+ 38. Rxd2 Bd7 39. Re2+ Kf8 40. Kg3 Bxb5 41. cxb5 f5 42. Rd2 Kf7 43. Rd7+ Ke6 44. Rc7 Kf6 45. Kf2 Ke6 46. Ke3 Kf6 47. Kd3 Rd8+ 48. Kc3 Ra8 49. Kc4 Rd8 50. Rxa7 Rd4+ 51. Kc3 Rb4 52. Rb7 1-0

[Event "Commonwealth-ch"]
[Site "Nagpur"]
[Date "2008.09.28"]
[Round "1"]
[White "Girinath, PDS"]
[Black "Nihal, Manjunath"]
[Result "1-0"]
[WhiteElo "2423"]
[BlackElo "1946"]
[PlyCount "59"]
[EventDate "2008.09.28"]
[EventType "swiss"]
[EventRounds "11"]
[EventCountry "IND"]
[SourceTitle "CBM 126 Extra"]
[Source "ChessBase"]
[SourceDate "2008.11.05"]
[SourceVersion "1"]
[SourceVersionDate "2008.11.05"]
[SourceQuality "1"]

1. e4 c5 2. Nf3 d6 3. c3 Nf6 4. Bd3 Nc6 5. Bc2 Bg4 6. d3 e6 7. Nbd2 b5 8. h3 Bh5 9. Nf1 Be7 10. Ng3 Bg6 11. 0-0 0-0 12. Nh4 Nd7 13. Nxg6 hxg6 14. f4 b4 15. f5 gxf5 16. exf5 bxc3 17. bxc3 e5 18. Qf3 Qc7 19. Bb3 Rac8 20. Nh5 Nf6 21. Bd5 Nb8 22. Bh6 Nxd5 23. Bxg7 Nf4 24. Nxf4 Kxg7 25. f6+ Kxf6 26. Nd5+ Ke6 27. Nxc7+ Rxc7 28. Qg4+ Kd5 29. Rab1 Nd7 30. c4+ 1-0

[Event "Commonwealth-ch"]
[Site "New Delhi"]
[Date "2007.12.10"]
[Round "10"]
[White "Padmini, Rout"]
[Black "Nihal, Manjunath"]
[Result "1-0"]
[WhiteElo "2226"]
[BlackElo "1996"]
[PlyCount "51"]
[EventDate "2007.12.03"]
[EventType "swiss"]
[EventRounds "10"]
[EventCountry "IND"]
[SourceTitle "CBM 121 Extra"]
[Source "ChessBase"]
[SourceDate "2008.01.10"]
[SourceVersion "1"]
[SourceVersionDate "2008.01.10"]
[SourceQuality "1"]

1. e4 c5 2. Nf3 d6 3. d4 cxd4 4. Nxd4 Nf6 5. Nc3 g6 6. Be3 Bg7 7. f3 0-0 8. Qd2 Nc6 9. Bc4 Bd7 10. 0-0-0 Ne5 11. Bb3 Rc8 12. Kb1 Nc4 13. Bxc4 Rxc4 14. h4 Re8 15. h5 Nxh5 16. g4 Nf6 17. e5 dxe5 18. Ne6 fxe6 19. g5 Rxc3 20. gxf6 Rxe3 21. fxg7 Rxf3 22. Qh2 Kxg7 23. Qxh7+ Kf6 24. Qh4+ Kg7 25. Rdg1 e4 26. Qh6+ 1-0

[Event "Commonwealth-ch"]
[Site "New Delhi"]
[Date "2007.12.05"]
[Round "5"]
[White "Nihal, Manjunath"]
[Black "Nimmy, A George"]
[Result "0-1"]
[WhiteElo "1996"]
[BlackElo "2196"]
[PlyCount "61"]
[EventDate "2007.12.03"]
[EventType "swiss"]
[EventRounds "10"]
[EventCountry "IND"]
[SourceTitle "CBM 121 Extra"]
[Source "ChessBase"]
[SourceDate "2008.01.10"]
[SourceVersion "1"]
[SourceVersionDate "2008.01.10"]
[SourceQuality "1"]

1. d4 d5 2. c4 c6 3. Nc3 Nf6 4. Bg5 dxc4 5. a4 Qa5 6. Bxf6 exf6 7. e3 Bb4 8. Qc1 Be6 9. Nf3 Nd7 10. Nd2 Nb6 11. Qc2 Rd8 12. Be2 Nd5 13. Rc1 Nb6 14. Ra1 c5 15. dxc5 Qxc5 16. 0-0 0-0 17. Rfd1 Bf5 18. Qc1 Bd3 19. Bf3 Bxc3 20. Qxc3 Nd5 21. Bxd5 Qxd5 22. Nf3 Qh5 23. Nd4 Rd5 24. Rac1 Rg5 25. Rd2 Qh3 26. f3 a6 27. Qb4 b5 28. axb5 axb5 29. Qxb5 Qh6 30. Qd7 Rh5 31. h3 0-1